1354 1706 1774 1030 1208 1212 1687 1607 1488 1083 1178 1752 1650 1850 1384 1028 1826 1250 1333 1397 1575 1923 1593 1603 1225 1658 1071 1184 1874 1915 1740 1997 1678 1165 1528 1553 1171 1365 1005 1845 1655 1635 1913 1448 1852 1044 1306 1156 1288 1996 1885 1920 1023 1820 1252 1259 1166 1634 1713 1866 1444 1155 1952 1735 1635 1056 1278 1574 1261 1330 1057 1421 1484 1302 1136 1761 1077 1330 1228 1269 1795 1381 1302 1373 1349 1076 1293 1631 1552 1973 1101 1267 1650 1208 1662 1741 1804 1529 1078 BCNSPRNW ULIB Ver.6.0+V

เปลี่ยนเป็นภาษาไทย

Change to English
 แสดงรายละเอียดบรรณานุกรม
  กลับหน้าหลัก

Brief Record : Get Marc (ISO 2709) : E-mail record : QR code < ปิดหน้าต่าง
LEADER : 00000nam 2200000uu 4500
001    13399123270
003     ULIB
008    140813s2553||||th 000 0 tha d
020    ^a9789741113958
060  4 ^aWT500^bร288 ล.3
245 00 ^aระบบสุขภาพภาคประชาชนกับความเจ็บป่วยเรื้อรัง :^bสถานะความรู้และทิศทางการวิจัย /^c[คณะผู้วิจัย มัลลิกามัติโก ... และคนอื่น ๆ]
246 14 ^aระบบสุขภาพภาคประชาชนกับความเจ็บป่วยเรื้อรัง :^bสถานะความรู้และทิศทางการวิจัย.^nเล่ม 3
250    ^aพิมพ์ครั้งที่ 1
260    ^aนครปฐม :^bสำนักงานวิจัยและพัฒนาระบบสุขภาพชุมชน,^c2553
300    ^a138 หน้า :^bภาพประกอบ
490 0  ^aชุดรวมผลงานวิจัยของสำนักงานวิจัยและพัฒนาระบบสุขภาพชุมชนพ.ศ. 2550-2552 ;^vเล่มที่ 3
505 0  ^a^tแนวคิดสังคมศาสตร์กับการศึกษาความเจ็บป่วยเรื้อรัง - -^tระบบสุขภาพภาคประชาชนกับความเจ็บป่วยเรื้อรัง : สถานะความรู้ และทิศทางการวิจัย - -^tแนวคิดความอ้วนและการจัดการของคนไทย - -^tประสบการ์ความเจ็บป่วยและกลวิธีการจัดการของคนไทย กรณีโรคเบาหวาน - -^tประสบการณ์ความเจ็บป่วยและกลวิธีการจัดการของคนไทย กรณีโรคความดันโลหิตสูง - -^tการดูแลระยะยาวสำหรับความเจ็บป่วยในชุมชน กรณีผู้สูงอายุ
650  7 ^aโรคเรื้อรัง^xวิจัย
650  7 ^aผู้ป่วยเรื้อรัง^xการดูแล^xวิจัย
650  7 ^aโรคอ้วน^xวิจัย
650  7 ^aเบาหวาน^xวิจัย
650  7 ^aความดันโลหิตสูง^xวิจัย
700 0  ^aมัลลิกา มัติโก
710 2  ^aสำนักงานวิจัยและพัฒนาระบบสุขภาพชุมชน
945    ^p0^l0^i034568
999    ^aเกษร โพธิ์สุวรรณ
รายการนี้ยังไม่มีแท็ก
คุณยังไม่ได้ล็อกอิน คุณสามารถมีกิจกรรมร่วมกับเว็บไซต์ได้ แต่ต้องล็อกอินก่อน ::
  ล็อกอิน

รายการสื่อสารสนเทศ

ลำดับที่ ประเภท เลขเรียก/บาร์โค้ด สถานที่ สถานะ
1. วิทยาศาสตร์การแพทย์ และสุขภาพ
วิทยาศาสตร์การแพทย์ และสุขภาพ
WT500 ร288 ล.3 ฉ.1 
  Barcode: 034568
ห้องสมุดวิทยาเขตสวรรค์ประชารักษ์
►หนังสือทั่วไป
บนชั้น

BibComment


ยังไม่เคยถูกคอมเมนท์

คอมเมนท์ทรัพยากรรายการนี้
  คอมเมนท์: ระบบสุขภาพภาคประ..


 Copyright 2026. Bcnsprnw @Library